Catálogo
 En Linea

VII Congreso Internacional de Criminología : (Registro nro. 12665)

Detalles MARC
000 -CABECERA
campo de control de longitud fija 01458cam a2200361 a 4500
001 - NÚMERO DE CONTROL
campo de control 000013018
003 - IDENTIFICADOR DEL NÚMERO DE CONTROL
campo de control DO-SdBNP
005 - FECHA Y HORA DE LA ÚLTIMA TRANSACCIÓN
campo de control 20260206121805.0
008 - DATOS DE LONGITUD FIJA--INFORMACIÓN GENERAL
campo de control de longitud fija 800204s1973 ve b f100 0 spa
035 ## - NÚMERO DE CONTROL DEL SISTEMA
Número de control de sistema (DLC) 79118313
040 ## - FUENTE DE LA CATALOGACIÓN
Centro catalogador/agencia de origen DO-SdBNP
Lengua de catalogación spa
Centro/agencia transcriptor DLC
Centro/agencia modificador DLC
-- BNPHU
049 ## - FONDOS LOCALES (OCLC)
Fondos de biblioteca BNGR
082 ## - NÚMERO DE LA CLASIFICACIÓN DECIMAL DEWEY
Número de clasificación 364.94971
Número de documento/Ítem C732i
111 2# - ENTRADA PRINCIPAL--NOMBRE DE CONGRESO/REUNIÓN
Nombre de congreso/reunión o jurisdicción como elemento de entrada International Congress of Criminology,
Número del congreso/reunión o número de parte o sección (7o :
Fecha del congreso/reunión 1973 :
Sede del congreso/Lugar de la reunión Belgrad, Yugoslavia)
9 (RLIN) 30034
245 10 - MENCIÓN DE TÍTULO
Título VII Congreso Internacional de Criminología :
Resto del título Belgrado, Yugoslavia, 17-22 septiembre 1973 /
Mención de responsabilidad, etc. M. Milutinovic ... [et. al.].
246 3# - FORMA VARIANTE DE TÍTULO
Título propio/Titulo breve 7 Congreso Internacional de Criminología
260 ## - PUBLICACIÓN, DISTRIBUCIÓN, ETC.
Lugar de publicación, distribución, etc. Caracas :
Nombre del editor, distribuidor, etc. Universidad Central de Venezuela :
-- Facultad de Ciencias Jurídicas y Políticas :
-- Instituto de Ciencias Penales y Criminológicas,
Fecha de publicación, distribución, etc. 1973.
300 ## - DESCRIPCIÓN FÍSICA
Extensión 206 p. :
Otras características físicas il.,
Dimensiones 22 cm.
490 0# - MENCIÓN DE SERIE
Mención de serie Colección Cuadernos - Universidad Central de Venezuela, Instituto de Ciencias Penales y Criminológicas ;
Designación de volumen o secuencia 4
504 ## - NOTA DE BIBLIOGRAFÍA, ETC.
Nota de bibliografía, etc. Bibliografía: p. 204-[207].
650 #7 - PUNTO DE ACCESO ADICIONAL DE MATERIA--TÉRMINO DE MATERIA
Término de materia o nombre geográfico como elemento de entrada Criminología
9 (RLIN) 17089
Subdivisión de forma Congresos, conferencias, etc.
700 1# - PUNTO DE ACCESO ADICIONAL--NOMBRE DE PERSONA
Nombre de persona Milutinovic, Milan.
9 (RLIN) 30037
700 1# - PUNTO DE ACCESO ADICIONAL--NOMBRE DE PERSONA
Nombre de persona Christie, N.
9 (RLIN) 30038
700 1# - PUNTO DE ACCESO ADICIONAL--NOMBRE DE PERSONA
Nombre de persona Shoham, S.
9 (RLIN) 30039
700 1# - PUNTO DE ACCESO ADICIONAL--NOMBRE DE PERSONA
Nombre de persona Schipkowensky, N. S.
9 (RLIN) 30040
700 1# - PUNTO DE ACCESO ADICIONAL--NOMBRE DE PERSONA
Nombre de persona Freeman, J.
9 (RLIN) 30041
700 1# - PUNTO DE ACCESO ADICIONAL--NOMBRE DE PERSONA
Nombre de persona Canepa, G.
9 (RLIN) 30042
700 1# - PUNTO DE ACCESO ADICIONAL--NOMBRE DE PERSONA
Nombre de persona Kellens, G.
9 (RLIN) 30043
700 1# - PUNTO DE ACCESO ADICIONAL--NOMBRE DE PERSONA
Nombre de persona Favard-Drilloux, A. M.
9 (RLIN) 30044
700 1# - PUNTO DE ACCESO ADICIONAL--NOMBRE DE PERSONA
Nombre de persona Canestri, F.
9 (RLIN) 30045
700 1# - PUNTO DE ACCESO ADICIONAL--NOMBRE DE PERSONA
Nombre de persona Szabo, D.
9 (RLIN) 30046
942 ## - ELEMENTOS DE PUNTO DE ACCESO ADICIONAL (KOHA)
Fuente del sistema de clasificación o colocación Dewey Decimal Classification
Tipo de ítem Koha Libro
Existencias
Estado de retiro Estado de pérdida Restricciones de uso No para préstamo Código de colección Localización permanente Ubicación/localización actual Ubicación en estantería Fecha de adquisición Número de inventario Total de préstamos Signatura topográfica completa Código de barras Fecha visto por última vez Precio válido a partir de Tipo de ítem Koha
        Monografías: Libros y Folletos General General En catalogación 19.11.2009 LF1   364.94971 C732i 13018-10 25.06.2020 25.06.2020 Préstamo en sala

Con tecnología Koha